| 000 | 00606nam a22002297a 4500 | ||
|---|---|---|---|
| 003 | UA-OsUOA | ||
| 001 | 40141 | ||
| 007 | ta | ||
| 008 | 20060717b un ||||| |||| 00| 0 ukr d | ||
| 100 | _aБончковский И. | ||
| 090 |
_a242 _bБ81 |
||
| 942 | _cBK | ||
| 040 |
_aUA-OsUOA _brus _cUA-OsUOA _dUA-OsUOA |
||
| 245 |
_aОтцы-иезуиты _bатеистические очерки |
||
| 300 | _a143 с. | ||
| 955 | _a4 | ||
| 041 | _arus | ||
| 080 | _a242 | ||
| 260 |
_aМ. _bДетска литература _c1975 |
||
| 650 | 7 |
_a2 Релігія. Теологія. _2UDC |
|
| 999 |
_c326283 _d326283 |
||